000 00443nam a2200169Ia 4500
008 230718s9999 xx 000 0 und d
041 _aeng
082 _a372.6
_bMOH
100 _aMohan K.
245 _aDeveloping Communication Skills
250 _a2nd ed.
260 _c2009
_bMacmillan
300 _a388
365 _cRs.
_b195.00
700 _aMohan K. & Banerji M.
_9108979
906 _dO:0032808-Oct-2009B:733309-Jul-2009
_cSS
_b128.7
999 _c322752
_d322752